|
|
|
|
| LEADER |
00000nam a2200000 a 4500 |
| 001 |
vtls001415527 |
| 003 |
SK-MaSNL |
| 005 |
20260301012612.0 |
| 008 |
240314s2000 xr o f 00100dcze |
| 020 |
|
|
|a 8072620495
|q (viaz.)
|
| 035 |
|
|
|a SNK000370262
|
| 040 |
|
|
|a SNK
|b slo
|c SNK
|e AACR2
|
| 041 |
0 |
|
|a cze
|
| 044 |
|
|
|a xr
|c CZ
|
| 072 |
|
7 |
|a 616.31
|x Stomatológia
|2 konspekt
|
| 080 |
|
|
|a 616.311-002
|2 2001
|
| 080 |
|
|
|a (048.8)
|2 2001
|
| 100 |
1 |
|
|a Slezák, Radovan,
|d 1958-
|4 aut
|9 217277
|
| 245 |
1 |
0 |
|a Recidivující afty
|c Radovan Slezák, Otakar Kopecký, Jan Krejsek
|
| 250 |
|
|
|a 1. vyd.
|
| 260 |
|
|
|a Praha
|b Galén
|c 2000
|
| 300 |
|
|
|a 103 s.
|b fotogr.
|c 24 cm
|
| 650 |
0 |
7 |
|a afty
|2 SNKPH
|9 297901
|
| 650 |
0 |
7 |
|a Stomatitis
|2 SNKPHeng
|9 297902
|
| 655 |
|
7 |
|a štúdie
|2 SNKPH
|9 57033
|
| 655 |
|
7 |
|a Studies
|2 SNKPHeng
|9 265573
|
| 700 |
1 |
|
|a Kopecký, Otakar,
|d 1955-
|4 aut
|9 100896
|
| 700 |
1 |
|
|a Krejsek, Jan,
|d 1958-
|4 aut
|9 100898
|
| 919 |
|
|
|a 80-7262-049-5
|
| 999 |
|
|
|c 553959
|d 555889
|
| 952 |
|
|
|t snkSLE 616.31
|a SNKUST
|b SNKUST
|y PREZ
|7 0
|p 17A0296055
|o snkIC 141953
|i snk2015/19208
|8 5
|0 0
|1 0
|4 0
|d 2001-06-19
|l 0
|r 2025-05-29 00:00:00
|w 2026-02-23
|